000 00223nam a22000857a 4500
008 160922b xxu||||| |||| 00| 0 eng d
100 _9717
_aWason.V.
245 _aAccountancy-XII
260 _aNew Delhi
_bS. Chand Publications
_c2012
999 _c3374
_d3374